Представление документа в формате RUSMARC

ПолеНазваниеЗначение
  Тип записи a
  Библиографический уровень m
001 Контрольный номер Book/2515
005 Дата корректировки 20260119095209.0
010 Индекс ISBN __
a ISBN 5-469-00953-Х
9 Тираж 3500 экз.
d Цена 86 р. 34 к.
100 Данные общей обработки __
a Данные общей обработки 20091110d2013 u u 1rusy ||||ca
101 Язык документа 0_
a Язык текста rus
105 Кодированные данные (монография) __
a Кодированные данные (монография) a z 000yy
200 Заглавие и сведения об ответственности 1_
a Заглавие Культурология
f Первые сведения об ответственности Ю. И. Романов
210 Выходные данные 1_
a Место издания Санкт-Петербург
c Издательство Питер
d Дата издания 2007
215 Физическое описание __
a Объем 206 с.
225 Серия 1_
a Серия Краткий курс
300 Общие примечания __
a Общие примечания 16+
606 Тематические рубрики 0_
a Основная рубрика Культурология - Учебные издания
610 Ключевые слова 0_
a Ключевые слова культурология; пособия учебные; теория культуры; развитие России
686 Индексы других классификаций __
a Классификационный индекс 71.0
2 Код системы rubbk
700 Автор _1
a Фамилия Романов
b Имя (инициалы) Ю. И.
g Полное личное имя Юрий Иванович
801 Источник записи _0
a Страна RU
b Организация МБУК ЦБС г. Ульяновска
c Дата составления 20091110
801 Источник записи _1
a Страна RU
b Организация МБУК ЦБС г. Ульяновска
c Дата составления 20091110
852 Данные о местонахождении __
i Авторский знак Р 69
j Шифр хранения 71
901 Тип документа __
t Тип документа m